000 00293 a2200133 4500
001 38190
082 _a629.836 ISI
090 _c24257
_d24257
100 _aIsidori Alberto
245 _aNonlinear control system
250 _a3
260 _aNew York
_bSpringer
_c1995
300 _a549p
942 _aNUST-CAE
_k629.836 ISI
999 _c273263
_d273263